000 00516cam a2200181 4500
001 D2602
008 090401t1970 xxu||||| |||| 00| 0 eng d
035 _a(Sirsi) u69838
041 _aeng
050 _a333.00601
110 _aCommonwealth Association of Surveying and Land Economy
_92570
245 _aFirst general assembly [Georgetown, Guyana], 15 - 20 December 1969: report of proceedings
260 _aLondon
_bCASLE
_c1970
300 _a12p. ill. 30cm
350 _a0
942 _n0
948 _c04/03/1997
999 _c95239
_d95239